000 00680nam a22001937a 4500
003 OSt
005 20210419083530.0
008 210226s1986 ||||| |||| 00| 0 eng d
040 _aeng
_beng
_cDLC
_deng
041 _aeng
080 _a616.8
_bO-85
100 _9854
_aOsler, William Sir
245 _aThis Special Edition of the Cerebral Palsies of Children together with on Chorea and Choreiform Affections
_c/ by: The Classics of Neurology and Neurosurgery Library
260 _aBirmingham, Alabama
_bThe Classics of Neurology and Neurosurgery Library
_c1986
300 _a125 p.
_bill.
650 0 _9100
_aNeurology
653 _aნევროლოგია
942 _2udc
_cBK
999 _c1812
_d1812